Normal view
MARC view
Entry Personal Name
001 - CONTROL NUMBER
- control field: 1238174
003 - CONTROL NUMBER IDENTIFIER
- control field: OSt
005 - DATE AND TIME OF LATEST TRANSACTION
- control field: 20260430150655.0
008 - FIXED-LENGTH DATA ELEMENTS
- fixed length control field: 260430|| aca||aabn | a|a d
040 ## - CATALOGING SOURCE
- Original cataloging agency: OSt
- Transcribing agency: OSt
100 ## - HEADING--PERSONAL NAME
- Personal name: University of Delhi. Faculty of Music and Fine Arts. Deptt. of Music
670 ## - SOURCE DATA FOUND
- Source citation: Work cat.: (OSt)1850357: Chowdhury Aindrila Dutta Au.; Dey Ananya Kumar Gu. 1238173, The Significance of Music in the Storytelling Art Forms of the Manasa Cult of Bengal, 2024
